00409nam a22001457a 4500003000700000005001700007008004100024082001700065100001700082245002800099260004900127300000800176490005000184650002900234MPLRDC20220104143224.0210129b ||||| |||| 00| 0 eng d a209.386 LJS  a骆静山编 a宗教与礼俗论集c ab马来西亚雪兰莪中华大会堂c1985 b平 a马来西亚华社资料研究中心书系. 1 a宗教史及宗教事情